<?xml version="1.0" encoding="UTF-8"?>
<marc:record xmlns:marc="http://www.loc.gov/MARC21/slim">
   <marc:leader>00000nam a2200000 a 4500</marc:leader>
   <marc:datafield ind1="1" ind2=" " tag="100">
      <marc:subfield code="a">Meyer, Kerstin</marc:subfield>
   </marc:datafield>
   <marc:datafield ind1="1" ind2=" " tag="100">
      <marc:subfield code="a">Funke, Cornelia</marc:subfield>
   </marc:datafield>
   <marc:datafield ind1=" " ind2=" " tag="653">
      <marc:subfield code="a">Geschlechterrollen</marc:subfield>
   </marc:datafield>
   <marc:datafield ind1=" " ind2=" " tag="653">
      <marc:subfield code="a">Bilderbuch</marc:subfield>
   </marc:datafield>
   <marc:datafield ind1=" " ind2=" " tag="653">
      <marc:subfield code="a">Geschwister</marc:subfield>
   </marc:datafield>
   <marc:datafield ind1=" " ind2=" " tag="653">
      <marc:subfield code="a">Humor</marc:subfield>
   </marc:datafield>
   <marc:datafield ind1="0" ind2="0" tag="245">
      <marc:subfield code="a">Der wildeste Bruder der Welt</marc:subfield>
   </marc:datafield>
   <marc:datafield ind1="0" ind2="0" tag="245">
      <marc:subfield code="c">Cornelia Funke. Bilder von Kerstin Meyer</marc:subfield>
   </marc:datafield>
   <marc:datafield ind1=" " ind2="1" tag="264">
      <marc:subfield code="a">Hamburg</marc:subfield>
      <marc:subfield code="b">Oetinger</marc:subfield>
      <marc:subfield code="c">2004</marc:subfield>
   </marc:datafield>
   <marc:datafield ind1="1" ind2=" " tag="520">
      <marc:subfield code="a">Jungs müssen ihre Schwestern vor vielen Ungeheuern und Räubern schützen, doch nachts brauchen sie den Schutz der Schwestern. Herzliches Geschwisterpaar wunderbar komisch in Szene gesetzt. Rezension: Das Leben ist gefährlich! Ein Mädchen etwa, vor allem wenn es eine Schwester ist, wird schon von Ungeheuern und Menschen fressenden Monstern bedroht, ehe es des Morgens erwacht. Im Bad warten grüne Geister auf sie und in der Küche lauert das Schleim spuckende Ungeheuer. Vom Einbrecher vor ihrem Zimmer ganz zu schweigen. Aber geht sie erst in den Garten, um für ihre Meerschweinchen Löwenzahnblätter zu sammeln, stürzen sich ganze Rudel von Wölfen und Füchsen auf sie, und überall zwischen den Bäumen wollen Bären so eine leckere Schwester zu fressen kriegen. Aber zum Glück hat die Schwester einen kleinen Bruder! Der beschützt sie nämlich löwenherzig und elefantenstark, mit List und seinen drei Plastikschwertern. Für ihn sind die Kämpfe aber nicht gefährlich, ihm droht nur die Nacht. Dann muss er zu ihr ins Bett kriechen und sie ihn beschützen, vor der Dunkelheit. Obwohl sich der kleine Bruder ganz schön aufspielt, stark tut und es nachts überhaupt nicht ist, außerdem seine Schwester zwischendurch ganz schön nervt, denn bei seinen Rettungsaktionen geht immer wieder was von ihren Sachen zu Bruch - die beiden verbindet ein herzliches Geschwisterverhältnis. So ist das Lachen (und dazu gibt es reichlich Anlass) kein schadenfrohes, sondern ein warmes, manchmal lautes, manchmal schmunzliges. Cornelia Funke und Kerstin Meyer sind ein eingespieltes Team. Die Autorin versteht es, typische Kinderszenen pointiert zu beschreiben, und die Illustratorin versieht die Texte mit genialem Bildwitz, der Action, lustige Details und feine Ironie verbindet. Vom Trickfilm kommend hat sie das sichere Gespür für die passende Szene sowie ausdrucksstarke Körperhaltung und Mimik. Wie sie in diesem Buch die Meerschweinchen als Publikum der brüderlichen Taten einsetzt, ist einfach große Klasse. - Ein Buch für alle Kinder, die Geschwister haben oder sich welche wünschen. *ag* Bruno Blume</marc:subfield>
   </marc:datafield>
   <marc:datafield ind1=" " ind2=" " tag="020">
      <marc:subfield code="a">3789165077</marc:subfield>
      <marc:subfield code="9">3789165077</marc:subfield>
   </marc:datafield>
   <marc:datafield ind1=" " ind2=" " tag="300">
      <marc:subfield code="a">[12] Bl. : Ill.</marc:subfield>
   </marc:datafield>
</marc:record>
